Angry Brands Quiz Stats

Quiz Updated Oct 23, 2013

Also try: Swapped Logos
Challenge
Share
Tweet
Score 0/8 Timer 01:00
25 Plays Today
% Correct
Angry Starbucks
99.2%
Angry Apple
92.1%
Angry Pepsi
89.3%
Angry Twitter
87.4%
Angry Pringles
85.7%
Angry Nike
84.5%
Angry Chrome
82.1%
Angry Adidas
75.9%

You're not logged in!

Compare scores with friends on all Sporcle quizzes.
Sign Up with Email
OR
Log In

You Might Also Like...

Show Comments

Extras

Top Quizzes Today


Score Distribution

Your Account Isn't Verified!

In order to create a playlist on Sporcle, you need to verify the email address you used during registration. Go to your Sporcle Settings to finish the process.